El rostro ignorado de los desplazados colombianos más allá de las fronteras: diagnóstico /
Este documento constituye un resumen consolidado a escala regional de los principales hallazgos del proyecto "Diagnostico de la dimensión y problemática que afecta a los desplazados hacia Ecuador, Venezuela y Panamá, por el conflicto bélico en Colombia". El objetivo del estudio es identifi...
Gespeichert in:
| 1. Verfasser: | |
|---|---|
| Weitere Verfasser: | |
| Format: | Text |
| Veröffentlicht: |
San José:
FUNPADEM
|
| Schlagworte: | |
| Tags: |
Tag hinzufügen
Keine Tags, Fügen Sie den ersten Tag hinzu!
|
MARC
| LEADER | 00000 a a2200000 04500 | ||
|---|---|---|---|
| 001 | 37001 | ||
| 003 | |||
| 040 | |||
| 020 | |a 9968-875-19-8 | ||
| 090 | |a 1001 F981d | ||
| 100 | |a Víquez, Roxana M. | ||
| 245 | |a El rostro ignorado de los desplazados colombianos más allá de las fronteras: diagnóstico / |c Roxana M. Víquez | ||
| 260 | |a San José: |b FUNPADEM | ||
| 300 | |a 153 p. | ||
| 520 | |a Este documento constituye un resumen consolidado a escala regional de los principales hallazgos del proyecto "Diagnostico de la dimensión y problemática que afecta a los desplazados hacia Ecuador, Venezuela y Panamá, por el conflicto bélico en Colombia". El objetivo del estudio es identificar el impacto humano reciente del conflicto colombiano en algunos países vecinos y lograr la visibilización de la problemática que afecta a los desplazados que han salido forzosamente de su país, mediante el desarrollo y aplicación de un diagnóstico que permita determinar la magnitud y características de la población afectada en las zonas fronterizas Ecuador-Colombia, Venezuela-Colombia y Panamá-Colombia. Y el estudio responde a la necesidad de mostrar la situación que sufren varios miles de personas y familias de origen colombiano, que se han visto obligadas a salir de su país en los últimos cinco años. Por la naturaleza y objetivos del proyecto, más que provocar la discusión académica o el debate conceptual, el diagnóstico busca informar y atraer la atención de políticos y directivos institucionales, diplomáticos, representantes de entidades de cooperación y tomadores de decisión, en los ámbitos institucionales y políticos, de los países y organismos interesados en la temática de estudio | ||
| 650 | |a MIGRACION | ||
| 650 | |a AMERICA DEL SUR | ||
| 650 | |a COLOMBIA | ||
| 650 | |a VENEZUELA | ||
| 650 | |a PANAMA | ||
| 700 | |a coord. |a Trejos, Fabián |a Ochoa, Hernando | ||
| 999 | |c 14274 |d 14274 | ||



